[Event "Quebec op U1400"]
[Site "Montreal"]
[Date "2016.07.23"]
[Round "1.86"]
[White "Forgues, David"]
[Black "Liu, Kevin1111"]
[Result "0-1"]
[WhiteElo "1238"]
[BlackElo "1312"]
[PlyCount "114"]
[EventDate "2016.07.23"]
[EventType "swiss"]
[EventRounds "8"]
[EventCountry "CAN"]
[SourceTitle "EXT 2022"]
[Source "ChessBase"]
[SourceDate "2021.10.06"]
[SourceVersion "1"]
[SourceVersionDate "2021.10.06"]
[SourceQuality "1"]

1. e4 c5 2. Nf3 Nc6 3. a3 g6 4. d4 cxd4 5. Nxd4 Bg7 6. Be3 Nf6 7. Nc3 d6 8. h3 d5 9. Bb5 Bd7 10. exd5 Nxd4 11. Bxd4 Bxb5 12. Nxb5 0-0 13. c4 a6 14. Nc3 Rc8 15. Qe2 Re8 16. Rd1 e6 17. 0-0 exd5 18. Qf3 Rxc4 19. Nxd5 Qxd5 20. Qxd5 Nxd5 21. Bxg7 Kxg7 22. Rxd5 Rc2 23. b4 Ra2 24. Rd3 Ree2 25. Rc1 Rxf2 26. g4 Rad2 27. Rxd2 Rxd2 28. Rc3 Rd7 29. Kg2 Kf6 30. h4 Ke5 31. Kg3 f5 32. Re3+ Kf6 33. g5+ Kf7 34. Kf4 b5 35. Rh3 Rd4+ 36. Ke5 Re4+ 37. Kd5 Re6 38. h5 Re4 39. hxg6+ Kxg6 40. Rh6+ Kxg5 41. Rxa6 Re3 42. Kd4 Re7 43. Rb6 Kg4 44. Rf6 f4 45. Kc5 Re5+ 46. Kd4 Rf5 47. Rc6 f3 48. Rc1 f2 49. Rf1 Kg3 50. Ke4 Rf8 51. Kd4 Kg2 52. Rxf2+ Rxf2 53. Kc5 Rf5+ 54. Kb6 h5 55. a4 bxa4 56. b5 Rxb5+ 57. Kxb5 a3 0-1